| 000 | 00324cam a22001217a 4500 | ||
|---|---|---|---|
| 008 | 180718b1996 xxu||||| |||| 00| 0 eng d | ||
| 020 | _a81 86231 20 x | ||
| 100 | _aFaria, Manju | ||
| 245 |
_aBharatita prashasanik sewa _cby Manju Faria |
||
| 260 |
_aUdaipur _bHimanshu Publication _c1996 |
||
| 300 | _a122p. | ||
| 650 | _aI.A.S. | ||
| 999 |
_c439694 _d439694 |
||